| 000 | 00470cam a2200169ua 4500 | ||
|---|---|---|---|
| 001 | 5985 | ||
| 008 | 131030n ii |||gr||||Z||||||eng | ||
| 040 | _cMAIN | ||
| 082 | _a954.035 | ||
| 100 |
_aSharma,Jagdish Saran, _eAuthor. |
||
| 245 |
_aEncyclopaedia India`s Struggle For Freedom _cby Jagdish Saran Sharma |
||
| 260 |
_aDelhi: _bS.Chand & Co., _c1979. |
||
| 300 | _a258p. | ||
| 653 | _aHistory | ||
| 653 | _aEncyclopaedia Of India`s Struggle For Freedom | ||
| 942 | _cBK | ||
| 999 |
_c5139 _d5139 |
||